000 00483nam a22001697a 4500
003 NUST - PNEC
005 20170116180857.0
008 150831b xxu||||| |||| 00| 0 eng d
020 _a0070332673
040 _cLIBRARY
082 _a620.00 KAM
100 _96070
_aKamm, Lawrence J.
245 _aSuccessful engineering : a guide to achieving your career goals
_cLawrence J. Kamm
260 _cc1986
650 _96071
_aEngineering--Vocational guidance
_xME
942 _2ddc
_cBK
999 _c64840
_d64840